Miękki owoc. - Statystyki

Ogólne statystyki
  • Ten quiz został rozwiązany 38 razy
  • Średni wynik to 4 z 5
Statystyki odpowiedzi
Odpowiedź % Poprawnych
Malina
87%
Truskawka
87%
Banan
81%
Brzoskwinia
61%
śliwka
48%
Nie znaleziono quizów pasujących do podanych kryteriów
Rozkład punktacji
Procent ludzi z każdym wynikiem
Percentyl według liczby udzielonych odpowiedzi
Twoja historia wyników
Nie rozwiązałeś tego quizu